| 000 | 00397nam a22001217a 4500 | ||
|---|---|---|---|
| 999 |
_c395 _d395 |
||
| 005 | 20200812162811.0 | ||
| 008 | 200812b ||||| |||| 00| 0 eng d | ||
| 020 | _a17890 | ||
| 040 | _cCML | ||
| 245 |
_aPlay - its Role in Development and Evolution. _cBruner, J.S ,Jolly, A and Sylva, K. |
||
| 260 |
_aGreat Britain _bPenguin Books Ltd _c!976 |
||
| 942 |
_2ddc _cBK _e1st Edition _h155 _mBRU |
||